Tennis : Novak Djokovic - Statistiques

Statistiques générales
  • Ce quiz a été pris 90 fois
  • Le résultat moyen est 55 sur 89
Statistiques - réponses
Année Catégorie Tournoi % Correct
2008 Grand Chelem Open d'Australie
85%
2011 Grand Chelem US Open
85%
2015 Grand Chelem US Open
85%
2018 Grand Chelem US Open
85%
2023 Grand Chelem US Open
85%
2011 Grand Chelem Wimbledon
85%
2014 Grand Chelem Wimbledon
85%
2015 Grand Chelem Wimbledon
85%
2018 Grand Chelem Wimbledon
85%
2019 Grand Chelem Wimbledon
85%
2021 Grand Chelem Wimbledon
85%
2022 Grand Chelem Wimbledon
85%
2024 Jeux Olympiques Paris
83%
2016 Grand Chelem Roland-Garros
83%
2021 Grand Chelem Roland-Garros
83%
2011 Masters 1000 Rome
83%
2015 Masters 1000 Rome
83%
2011 Grand Chelem Open d'Australie
82%
2012 Grand Chelem Open d'Australie
82%
2013 Grand Chelem Open d'Australie
82%
2015 Grand Chelem Open d'Australie
82%
2016 Grand Chelem Open d'Australie
82%
2019 Grand Chelem Open d'Australie
82%
2020 Grand Chelem Open d'Australie
82%
2021 Grand Chelem Open d'Australie
82%
2023 Grand Chelem Roland-Garros
82%
2008 Masters 1000 Rome
82%
2014 Masters 1000 Rome
82%
2020 Masters 1000 Rome
82%
2023 Grand Chelem Open d'Australie
80%
2022 Masters 1000 Rome
80%
2011 Masters 1000 Madrid
78%
2016 Masters 1000 Madrid
78%
2019 Masters 1000 Madrid
78%
2007 Masters 1000 Miami
78%
2012 Masters 1000 Miami
75%
2011 Masters 1000 Miami
74%
2015 Masters 1000 Miami
74%
2016 Masters 1000 Miami
74%
2014 Masters 1000 Monte Carlo
74%
2015 Masters 1000 Monte Carlo
74%
2015 Masters 1000 Indian Wells
72%
2016 Masters 1000 Indian Wells
72%
2014 Masters 1000 Miami
72%
2008 Masters 1000 Indian Wells
71%
2011 Masters 1000 Indian Wells
71%
2014 Masters 1000 Indian Wells
71%
2012 Masters 1000 Shanghai
69%
2014 Masters 1000 Shanghai
69%
2015 Masters 1000 Shanghai
69%
2018 Masters 1000 Shanghai
69%
2008 Masters Shanghai
68%
2018 Masters 1000 Cincinnati
60%
2020 Masters 1000 Cincinnati
58%
2023 Masters 1000 Cincinnati
58%
2012 Masters Londres
55%
2014 Masters Londres
55%
2014 Masters Londres
55%
2015 Masters Londres
55%
2023 Masters Turin
54%
2022 Masters Turin
52%
2010 Par équipe avec la Serbie Coupe Davis
51%
2009 ATP 500 Dubaï
42%
2010 ATP 500 Dubaï
42%
2011 ATP 500 Dubaï
42%
2013 ATP 500 Dubaï
42%
2020 ATP 500 Dubaï
42%
2014 ATP 500 Pékin
40%
2014 ATP 500 Pékin
40%
2015 ATP 500 Pékin
40%
2009 ATP 500 Pékin
38%
2010 ATP 500 Pékin
38%
2012 ATP 500 Pékin
38%
2019 ATP 500 Tokyo
37%
2014 Masters 1000 Paris-Bercy
34%
2015 Masters 1000 Paris-Bercy
34%
2019 Masters 1000 Paris-Bercy
34%
2009 Masters 1000 Paris-Bercy
32%
2014 Masters 1000 Paris-Bercy
32%
2021 Masters 1000 Paris-Bercy
32%
2023 Masters 1000 Paris-Bercy
32%
2009 ATP 500 Bâle
26%
2020 Par équipe avec la Serbie ATP Cup
20%
2007 ATP 500 Vienne
20%
2011 Masters 1000 Coupe Rogers
17%
2012 Masters 1000 Coupe Rogers
17%
2016 Masters 1000 Coupe Rogers
17%
2007 Masters 1000 Coupe Rogers
15%
2022 ATP 500 Astana
8%
Aucun quiz correspondant
Distribution des résultats
% des personnes avec chaque résultat
Percentile par nombre de réponses
Votre historique - résultats
Vous n’avez pas pris ce quiz